[Event "Wloclawek Weekend Classic 3rd"]
[Site "Wloclawek"]
[Date "2007.08.27"]
[Round "4"]
[White "Kukula, Pawel"]
[Black "Stolarczyk, Adam"]
[Result "1-0"]
[WhiteElo "2239"]
[BlackElo "2154"]
[PlyCount "93"]
[EventDate "2007.08.24"]
[EventType "swiss"]
[EventRounds "5"]
[EventCountry "POL"]
[SourceTitle "EXT 2011"]
[Source "ChessBase"]
[SourceDate "2010.11.26"]
[SourceVersion "1"]
[SourceVersionDate "2010.11.26"]
[SourceQuality "1"]

1. d4 Nf6 2. Nf3 g6 3. c4 Bg7 4. Nc3 d6 5. Bf4 c6 6. e3 0-0 7. Be2 a6 8. 0-0 b5 9. a3 Bb7 10. Rc1 Nbd7 11. h3 Re8 12. Bh2 Rc8 13. b4 bxc4 14. Bxc4 Nb6 15. Be2 Nbd5 16. Nxd5 cxd5 17. Nd2 Qb6 18. Qb3 Nd7 19. Bg4 f5 20. Bf3 e6 21. Bg3 g5 22. a4 Bf8 23. Nb1 Nf6 24. Nc3 Rc4 25. Na2 Rec8 26. Be2 Rxc1 27. Rxc1 Rxc1+ 28. Nxc1 Ne4 29. Bd3 Kf7 30. Ne2 Be7 31. Bxe4 dxe4 32. Nc3 h6 33. d5 e5 34. Bxe5 dxe5 35. d6+ Kf6 36. dxe7 Kxe7 37. b5 Qe6 38. Qb4+ Qd6 39. Qc4 Kf8 40. bxa6 Bxa6 41. Nb5 Qf6 42. Qc5+ Kg7 43. Nc7 Kg6 44. a5 Bb7 45. Ne8 Qc6 46. Qxe5 f4 47. Qg7+ 1-0